000 00500nam a2200193 a 4500
001 1763014519573
003 YourLibrary
005 20251113114632.0
008 251113s2005##################000#0#eng##
020 _a0520221516
082 0 4 _a615.36
_bHOB
100 1 _aHoberman, J.,
_eauthor.
245 1 0 _aTestosterone Dreams :
260 _bUniv of California Press,
_c2005.
300 _a389 pages
650 0 _aHealth & Fitness.
942 _cENGLISH
040 _aYourLibrary
_beng
_cYourLibrary
999 _c597356
_d597356